[Event "Uruguayan-ch Final 2021"]
[Site "Montevideo"]
[Date "2021.11.28"]
[Round "7.1"]
[White "Carbone, Diego"]
[Black "Rodi, Luis Ernesto"]
[Result "0-1"]
[WhiteElo "2236"]
[BlackElo "2358"]
[Annotator "TA"]
[PlyCount "114"]
[EventDate "2021.11.22"]
[EventType "tourn"]
[EventCountry "URU"]
[SourceTitle "playchess.com"]
[Source "ChessBase"]
[SourceQuality "1"]

{[%evp 18,114,30,39,22,18,19,0,0,-15,0,0,0,0,0,-29,-26,-18,-17,-28,-3,-54,0,-20,-33,-30,0,0,-6,-31,-45,-115,-102,-127,-108,-114,-30,-165,-47,-24,-35,-19,-33,-28,-32,-52,-52,-42,-34,-119,-41,-61,-37,-47,-10,-56,-51,-46,-35,-98,-75,-237,-122,-181,-178,-240,-262,-264,-258,-233,-221,-276,-243,-272,-272,-265,-306,-297,-296,-280,-275,-271,-152,-230,260,-29975,-29976,-29976,-29976,-29980,-29981,-12849,-10859,-29986,-29985,-29985,-29986,-29987,-29988]} 1. d4 e6 2. c4 Nf6 3. g3 c5 4. d5 exd5 5. cxd5 d6 6. Nc3 g6 7. Bg2 Bg7 8. Nf3 O-O 9. O-O Re8 10. Bf4 Bf5 {A62: Modern Benoni: Fianchetto Variation without early ...Nbd7.} 11. Nh4 Bg4 12. h3 Nh5 {The position is equal.} 13. Bd2 Bd7 {[#]} 14. a4 $146 ({Predecessor:} 14. Qc1 b5 15. a3 Na6 16. Kh2 f5 17. Nf3 c4 18. Bh6 Bf6 19. Qc2 Nc5 20. Rad1 {0-1 (39) Bitelmajer,M (2453)-Mareco,S (2664) Montevideo 2019}) 14... Na6 15. e4 Nb4 16. Nf5 gxf5 17. Qxh5 Qf6 18. Rad1 a6 19. Bf4 (19. Bg5 $11 Qg6 20. Qxg6 hxg6 21. Bf4) 19... Bf8 (19... c4 $15) 20. h4 Qg6 21. Qg5 Nc2 22. Bh3 {[%cal Rh3f5]} Nd4 {And now ...Nf3+ would win.} 23. Kg2 b5 {[%cal Bb7b5,Bb5b4][%mdl 32]} 24. exf5 ({White should try} 24. axb5 $15 axb5 25. b4) 24... Qxg5 $17 25. hxg5 b4 26. Na2 Bxa4 ({Of course not} 26... Bxf5 $6 27. Bxf5 Nxf5 28. Rfe1 $11) (26... a5 $1 $17 27. Rxd4 cxd4) 27. Rd2 (27. Nxb4 $1 $11 {and White is okay.} Bb3 28. Rd2) 27... Bb3 (27... Bb5 $19 28. Nxb4 Nb3) 28. Nxb4 $1 $15 a5 29. Nd3 Bxd5+ 30. f3 Rab8 31. Bg4 Bc4 32. Rff2 a4 $36 {[%mdl 2048] Black has good play.} 33. Bh3 (33. f6 $15) 33... Rb6 ({Black should play} 33... Rb3 $17 34. Nc1 Rb6) 34. f6 Reb8 35. Bd7 Ra8 36. Nc1 Ra7 37. Bg4 d5 (37... h6 $5) 38. Be3 ({Better is} 38. Nd3 $15) 38... Ne6 $1 $17 39. Nd3 $2 (39. Rc2 $17 {was called for.}) 39... d4 (39... a3 $1 $19 {[%cal Ra3a2]} 40. bxa3 (40. Bxe6 $2 Rxe6 41. bxa3 Rxe3 $19) 40... Rxa3 41. Bxe6 Rxe6 42. Bxc5 Rxd3 43. Bxf8 Kxf8) 40. Bf4 Bxd3 41. Rxd3 (41. Bxe6 {was worth a try.} c4 42. Bg4) 41... c4 $19 42. Rd1 {With the idea Bxe6.} Nxf4+ 43. gxf4 d3 44. Bf5 Rab7 45. Be4 Rxb2 46. Bxb7 Rxb7 {[%mdl 4096] Endgame KRR-KRB} 47. Rc1 Rc7 {aiming for ...c3.} 48. Rd2 {Rxd3! is the strong threat.} a3 $1 49. Kf2 Bc5+ (49... Rc8 $19 {Threatens to win with ...Bc5+.} 50. Ke3 Bc5+ 51. Ke4 Re8+ 52. Kf5 Bb4) 50. Kg3 $17 {[#]} Be3 $4 {[%mdl 8192] [#]} (50... Bd6 $1 $19 {avoids the disaster. Hoping for ...Rc5.} 51. Rh1 Rc5) 51. Rxd3 $4 {[%mdl 8192]} cxd3 52. Rxc7 $18 {KR-KB} h6 53. Rc8+ Kh7 54. Rf8 hxg5 55. f5 d2 {Black mates.} 56. Rxf7+ Kg8 57. Rd7 a2 {Weighted Error Value: White=0.48/Black=0.33} 0-1

[Event "Uruguayan-ch Final 2021"]
[Site "Montevideo"]
[Date "2021.11.28"]
[Round "7.2"]
[White "Coppola, Claudio"]
[Black "Granara Barreto, Sebastian"]
[Result "1-0"]
[WhiteElo "2248"]
[BlackElo "2156"]
[Annotator "TA"]
[PlyCount "58"]
[EventDate "2021.11.22"]
[EventType "tourn"]
[EventCountry "URU"]
[SourceTitle "playchess.com"]
[Source "ChessBase"]
[SourceQuality "1"]

{[%evp 10,58,29,25,49,40,39,19,33,24,43,50,63,57,191,191,195,170,204,198,200,195,202,183,189,177,179,191,186,177,166,177,264,268,291,296,288,290,435,436,430,431,431,431,406,426,419,408,383,368,444]} 1. d4 d5 2. c4 c6 3. Nf3 Nf6 4. g3 dxc4 5. Bg2 e6 6. Ne5 Nbd7 {E04: Open Catalan: 5 Nf3.} 7. Nxc4 Nb6 8. Nxb6 axb6 {The position is equal.} 9. O-O Bd6 {[#]} 10. e4 $146 {Threatens to win with e5.} ({Predecessor:} 10. Nc3 e5 11. d5 c5 12. e4 Bd7 13. f4 b5 14. Qe2 Qb6 15. Qe1 b4 16. Ne2 {0-1 (38) Gromak,I (1777)-Khazhipov,T (2029) Cheliabinsk 2011}) 10... e5 11. f4 exf4 {[#]} (11... Bg4 $1 $14 12. Qd2 exd4) 12. e5 $1 $18 {[%mdl 64] Double Attack} fxg3 13. hxg3 ({Resist} 13. exd6 $6 gxh2+ 14. Kh1 Qxd6 $16) 13... Be7 14. exf6 Bxf6 15. d5 cxd5 16. Qxd5 O-O 17. Nc3 Bd4+ 18. Kh2 Ra5 19. Qxd8 Rxd8 20. Bf3 g5 (20... Be6 {was necessary.} 21. Bd2 (21. Bxb7 $2 Rh5+ 22. Kg2 Bh3+ {[%mdl 64] Skewer} 23. Kf3 Bxf1 $19) 21... Rd7) 21. Rd1 Rd6 {Hoping for ...Rh6+.} 22. Kg2 g4 23. Be4 f5 {[#]} (23... Rd7 {was called for.} 24. Bf4 h5) 24. Bf4 $1 Rd7 {[#]} 25. Bd5+ {[%mdl 512]} Raxd5 26. Nxd5 Rxd5 27. Rd2 Bd7 28. Rad1 Bc6 29. Kh2 Rd7 {White took control after the opening.  Weighted Error Value: White=0.01/Black=0.28} 1-0

[Event "Uruguayan-ch Final 2021"]
[Site "Montevideo"]
[Date "2021.11.28"]
[Round "7.4"]
[White "Michailov, Matias"]
[Black "Ulaneo, Nicolas"]
[Result "1-0"]
[WhiteElo "2262"]
[BlackElo "2164"]
[Annotator "TA"]
[PlyCount "67"]
[EventDate "2021.11.22"]
[EventType "tourn"]
[EventCountry "URU"]
[SourceTitle "playchess.com"]
[Source "ChessBase"]
[SourceQuality "1"]

{[%evp 9,67,0,24,36,26,28,13,6,34,30,41,15,35,-11,53,64,50,36,74,59,66,68,99,87,114,79,126,121,118,64,79,109,229,234,260,238,474,213,486,452,447,460,721,316,530,534,535,523,899,906,1053,1047,1251,1399,1199,1257,29986,29987,29993,29992]} 1. d4 Nf6 2. Nf3 e6 3. Bg5 c5 4. e3 Qb6 5. Nbd2 d5 6. Bxf6 {D03: 1 d4 d5 2 Nf3 Nf6 3 Bg5, including Torre Attack with early ...d5.} gxf6 7. dxc5 Bxc5 8. c4 {The position is equal.} Nc6 9. cxd5 exd5 10. Be2 {[#]} Be6 $146 ({Predecessor:} 10... Rg8 11. O-O Bh3 12. Ne1 O-O-O 13. Kh1 Bf5 14. Bd3 Be4 15. Bxe4 dxe4 16. Nc4 Qa6 {1-0 (48) Valaker,O (2195)-Cazzaniga,W (2158) Milan 2013}) 11. a3 Rg8 (11... d4 $11 12. b4 dxe3 13. bxc5 exd2+ 14. Qxd2 Qxc5) 12. b4 $14 Be7 13. g3 Rd8 14. Nb3 Bh3 15. Nfd4 Ne5 16. Rc1 Kf8 17. Rg1 Nc4 18. Bxc4 dxc4 19. Nd2 ({White should play} 19. Rxc4 $16 Rg6 20. Qc1) 19... Rxd4 20. exd4 Kg7 (20... Bg4 $16 21. Qc2 {[%mdl 64] Double Attack} Qe6+ 22. Qe4 b5) 21. Nxc4 $18 Re8 {[%csl Gb6][%cal Re7b4] [#]} 22. Ne3 Qb5 $2 (22... Bd6 23. Qd3 a5) 23. d5 (23. g4 $142) 23... a5 $2 (23... Bd6 24. Qb3 Bd7) 24. d6 Bd8 25. Rc5 Qd7 (25... Qb6 $142 26. Qd4 Bd7) 26. bxa5 (26. g4 $142) 26... Re5 $2 (26... b6 27. Rd5 Be6) 27. Rxe5 fxe5 28. Qd5 Qa4 29. g4 Qxa3 30. Rg3 {[#] Black must now prevent Nf5+.} Qc1+ 31. Ke2 Qb2+ 32. Kf3 Bh4 33. d7 Bxg3 34. Kxg3 {Weighted Error Value: White=0.42/Black=1.00} 1-0

[Event "Uruguayan-ch Final 2021"]
[Site "Montevideo"]
[Date "2021.11.28"]
[Round "7.5"]
[White "Larrea, Manuel"]
[Black "Hoffman, Alejandro"]
[Result "1/2-1/2"]
[WhiteElo "2222"]
[BlackElo "2440"]
[Annotator "TA"]
[PlyCount "44"]
[EventDate "2021.11.22"]
[EventType "tourn"]
[EventCountry "URU"]
[SourceTitle "playchess.com"]
[Source "ChessBase"]
[SourceQuality "1"]

{[%evp 11,44,0,5,10,16,-10,-2,-26,0,0,0,0,0,0,0,-7,0,0,0,-23,-24,-24,10,0,0,0,0,-12,0,-8,-8,-8,-6,-8,-13]} 1. e4 c5 2. Nf3 g6 3. c3 Bg7 4. d4 cxd4 5. cxd4 d5 6. exd5 Nf6 7. Bb5+ {B27: Sicilian: 2 Nf3, unusual Black 2nd moves.} Nbd7 8. Qb3 (8. d6 {keeps more tension.} a6 9. Bd3 O-O 10. O-O exd6 11. Re1) 8... O-O 9. Bxd7 {[#]} Bxd7 $146 (9... Qxd7 {is interesting.} 10. Nc3 Rd8 11. O-O Nxd5 12. Re1 e6) ({Predecessor:} 9... Qxd7 10. Nc3 b6 11. Ne5 Qb7 12. O-O Bf5 13. Re1 Rac8 14. h3 Bd7 15. a4 e6 16. Nxd7 Qxd7 17. dxe6 Qxd4 18. Nb5 {1-0 (18) Radovic,J (2033)-Ivic,M (1665) Paracin 2012}) 10. O-O Qb6 11. Nc3 Qxb3 12. axb3 Rfd8 13. Re1 e6 14. Bg5 exd5 15. Bxf6 Bxf6 16. Nxd5 Kg7 17. Ne5 {The position is equal.} Bf5 18. Nxf6 Kxf6 19. Ra4 a5 20. Rc4 Be6 21. Rc7 Rxd4 22. Rxb7 Rc8 {A rather calm draw.  Weighted Error Value: White=0.08/Black=0.03} 1/2-1/2

[Event "Uruguayan-ch Final 2021"]
[Site "Montevideo"]
[Date "2021.11.28"]
[Round "7.6"]
[White "Vazquez, Facundo"]
[Black "Roselli Mailhe, Bernardo"]
[Result "1/2-1/2"]
[WhiteElo "2163"]
[BlackElo "2428"]
[Annotator "TA"]
[PlyCount "49"]
[EventDate "2021.11.22"]
[EventType "tourn"]
[EventCountry "URU"]
[SourceTitle "playchess.com"]
[Source "ChessBase"]
[SourceQuality "1"]

{[%evp 11,49,20,50,49,58,39,40,37,48,28,54,52,52,58,50,34,52,59,62,21,70,72,92,87,90,90,95,97,89,82,87,84,111,77,91,77,79,80,71,76]} 1. d4 Nf6 2. c4 e6 3. Nf3 Bb4+ 4. Bd2 Qe7 5. g3 Bxd2+ 6. Qxd2 Ne4 7. Qc2 {E11: Bogo-Indian.} f5 8. Nc3 Nxc3 9. Qxc3 {White is slightly better.} d6 {[#]} 10. c5 $146 ({Predecessor:} 10. Bg2 Nd7 11. O-O Nf6 12. Nd2 d5 13. Qb3 c6 14. f3 O-O 15. e4 Qd7 16. cxd5 exd5 17. exd5 Qxd5 18. Qxd5+ Nxd5 {½-½ (53) Stojanovic,S (1708)-Babin,A (1937) Belgrade 2017}) 10... Bd7 11. cxd6 cxd6 12. d5 exd5 13. Bg2 Nc6 14. O-O O-O 15. Qd2 d4 16. Nxd4 Nxd4 {White is better.} 17. Qxd4 Bc6 18. Bd5+ Kh8 19. e3 Rac8 20. Rac1 h6 21. Rfd1 Rfd8 22. h4 ({Wrong is} 22. Qxa7 $2 Bxd5 23. Qd4 (23. Rxc8 $2 Rxc8 24. Qd4 Bf3 $19) 23... Rxc1 $19) 22... Kh7 23. Rc3 ({But not} 23. Qxa7 $2 Bxd5 24. Qd4 (24. Rxc8 $2 Rxc8 25. Qd4 Be4 $19) 24... Rxc1 $19) 23... Bxd5 24. Qxd5 {[#] Hoping for Rxc8.} Rxc3 25. bxc3 {Weighted Error Value: White=0.09/Black=0.12} 1/2-1/2

[Event "Uruguayan-ch Final 2021"]
[Site "Montevideo"]
[Date "2021.11.29"]
[Round "8.1"]
[White "Rodi, Luis Ernesto"]
[Black "Roselli Mailhe, Bernardo"]
[Result "0-1"]
[WhiteElo "2358"]
[BlackElo "2428"]
[Annotator "TA"]
[PlyCount "98"]
[EventDate "2021.11.22"]
[EventType "tourn"]
[EventCountry "URU"]
[SourceTitle "playchess.com"]
[Source "ChessBase"]
[SourceQuality "1"]

{[%evp 16,98,19,16,31,24,69,33,42,31,143,128,185,41,29,48,67,0,4,0,0,0,41,-36,-36,-70,-53,-104,-99,-95,-110,-112,-95,-237,-97,-96,-96,-101,-105,-88,-87,-78,-88,-53,-83,-107,-106,-152,-139,-153,-146,-143,-132,-362,-377,-354,-344,-506,-506,-500,-496,-454,-439,-29968,-29968,-29969,-29968,-29971,-29972,-29973,-29974,-29974,-29975,-29975,-29975,-29975,-29976,-29986,-29984,-29986,-29987,-29988,-29988,-29989,-29990]} 1. e4 e6 2. d4 d5 3. e5 c5 4. c3 Nc6 5. Nf3 Nge7 6. Na3 cxd4 7. cxd4 Nf5 8. Nc2 Bd7 9. Bd3 {The main line 9.Bd3 scores better than 9.Be2.} Be7 {C02: French: Advance Variation.} 10. O-O Qb6 11. Kh1 {[#]} h6 $146 {White is slightly better.} (11... Ncxd4 $2 12. Nfxd4 Nxd4 13. Be3 $18) (11... Nfxd4 $2 12. Be3 $18) ({Predecessor:} 11... a5 12. g4 Nh6 13. Rg1 Ng8 14. a3 a4 15. Be3 Na5 16. Qe2 Bc6 17. Rab1 Nb3 {1-0 (30) Zhigalko,A (2587)-Nedochetov,M (2299) Rijeka 2010}) 12. Rb1 O-O-O (12... Nfxd4 $2 13. Be3 $18) (12... Ncxd4 $2 13. Ncxd4 Nxd4 14. Be3 $18) (12... a5 $14) 13. b4 $16 Na5 14. g4 (14. Bxf5 $18 {And now Bd3 would win.} exf5 15. Na3 (15. Ne3 Be6 $14)) 14... Nh4 $14 15. Nxh4 Bxh4 16. Be3 (16. b5 $14) 16... Nc4 $11 17. b5 Qa5 ({Avoid the trap} 17... Bxb5 $2 18. a4 $18) 18. a4 Kb8 19. Nb4 (19. Bxc4 $14 dxc4 20. Nb4) 19... Rc8 $15 20. Qb3 Ka8 (20... Nxe3 $2 21. fxe3 Rhe8 22. Rxf7 $16) 21. Rfc1 (21. Bxc4 $15 Rxc4 22. Nd3) 21... Nxe3 $17 22. fxe3 Rxc1+ 23. Rxc1 Be7 24. Na2 (24. Rb1 $17) 24... Rc8 (24... Qd2 $19 {and Black stays clearly on top.} 25. Rc7 Qxe3) 25. Rxc8+ Bxc8 26. Qc3 Qxc3 27. Nxc3 {[%mdl 4096] Endgame KBB-KBN} Bb4 28. Ne2 Kb8 29. Kg2 Kc7 30. Nf4 {Black keeps a firm grip on the game.} Kb6 31. h4 Ka5 32. Bc2 Be7 33. Nh5 {[#]} g5 34. Nf6 $2 (34. hxg5 $17 hxg5 35. Kf2) 34... Bxf6 $19 35. exf6 {[#] Strongly threatening hxg5. KB-KB} Bd7 $1 36. hxg5 (36. Bg6 $142 Be8 37. hxg5 hxg5 38. Bc2) 36... hxg5 37. Kf3 a6 38. bxa6 bxa6 {[%cal Bb7a6,Ba6a5,Ba5a4,Ba4a3][%mdl 32]} 39. e4 (39. Ke2 $19 Bxa4 40. Bh7) 39... Bxa4 {Black mates.} 40. Bb1 Kb4 41. exd5 exd5 42. Bf5 Kc4 43. Ke3 a5 44. Bc8 Bb5 45. Bf5 a4 46. Bd3+ Kb4 47. Bb1 Kc3 48. Ba2 Bc4 49. Bb1 a3 {Weighted Error Value: White=0.41/Black=0.15} 0-1

[Event "Uruguayan-ch Final 2021"]
[Site "Montevideo"]
[Date "2021.11.29"]
[Round "8.2"]
[White "Hoffman, Alejandro"]
[Black "Vazquez, Facundo"]
[Result "0-1"]
[WhiteElo "2440"]
[BlackElo "2163"]
[Annotator "TA"]
[PlyCount "120"]
[EventDate "2021.11.22"]
[EventType "tourn"]
[EventCountry "URU"]
[SourceTitle "playchess.com"]
[Source "ChessBase"]
[SourceQuality "1"]

{[%evp 21,120,6,31,6,8,12,11,5,10,3,44,38,41,35,57,52,83,77,72,74,76,75,60,26,23,24,28,24,99,50,85,82,102,89,104,12,6,9,8,12,14,14,14,18,68,54,72,51,51,51,51,52,52,52,52,52,113,0,3,0,54,22,46,46,46,46,48,21,26,14,12,14,29,16,33,0,0,0,0,0,0,0,0,-834,-808,-755,-668,-808,-869,-968,-957,-866,-737,-998,-989,-1033,-1033,-971,-971,-945,-918]} 1. d4 Nf6 2. c4 e6 3. Nc3 d5 4. cxd5 exd5 5. Bg5 Be7 6. e3 c6 7. Qc2 Nbd7 8. Bd3 Nh5 9. Bxe7 Qxe7 10. Nge2 g6 11. O-O O-O 12. Rae1 {D36: Queen's Gambit Declined: Exchange Variation: Main line (5 Bg5 c6 6 Qc2).} Nb6 13. Nc1 Ng7 14. f3 {The position is equal.} Ne6 15. Qf2 c5 16. dxc5 Nxc5 {[#]} 17. Bc2 $146 ({Predecessor:} 17. Bb1 Re8 18. Qd2 Bd7 19. b3 Rac8 20. Rf2 Qe5 21. Nd1 Bb5 22. Ne2 Bxe2 23. Rfxe2 {1-0 (86) Wojtaszek,R (2711)-Cyborowski,L (2526) Czech Republic 2014}) 17... Re8 18. Nb3 Nca4 19. Nxa4 Nxa4 20. e4 Bd7 21. exd5 Qf6 22. Qd4 (22. Nd2 {seems wilder.} Rxe1 23. Rxe1 Nb6 24. Bb3 Qxb2 25. Rb1) 22... Qxd4+ 23. Nxd4 Nb6 24. Bb3 Rad8 (24... Ba4 $11) 25. Kf2 a5 {[#]} 26. a3 $1 Rxe1 27. Rxe1 Ba4 28. Re5 (28. Re7 $16) 28... Bxb3 $11 29. Nxb3 {[%mdl 4096] Endgame KRN-KRN} Nc4 30. Re4 b5 31. Rd4 Kf8 32. Nc5 Nd6 33. Ne4 Ke7 34. g4 Rc8 35. Rd2 f5 36. gxf5 gxf5 37. Nc3 Rc4 38. Ne2 b4 (38... a4 $14) 39. axb4 ({Better is} 39. b3 $16 Rh4 40. Kg3 Rg4+ 41. Kh3) 39... Rxb4 40. Nd4 {Strongly threatening Nc6+.} Kf6 ({Black should try} 40... Nc4 $11 41. Re2+ (41. Nxf5+ $2 Kf6 $19) 41... Kd6) 41. b3 a4 42. bxa4 Rxa4 43. Nc6 Kg5 44. Kg3 h5 45. Nd4 h4+ 46. Kf2 Kf4 47. Ne6+ Ke5 48. f4+ Kf6 {...Ne4+ is the strong threat.} 49. Rc2 Ra5 50. Rc6 Ke7 51. Rc7+ Kf6 52. Nc5 $2 {[%mdl 8192] [#]} (52. Rh7 $11) 52... Rxc5 $1 $19 {[%mdl 512] KRN-KR. Black is clearly winning.} 53. Rh7 Rc2+ 54. Kg1 Nf7 55. Rxh4 Rd2 56. Rh3 Rxd5 57. Ra3 Rd4 58. Rf3 Nd8 59. Kg2 Ne6 60. Kg3 Kg6 {Weighted Error Value: White=0.39/Black=0.12} 0-1

[Event "Uruguayan-ch Final 2021"]
[Site "Montevideo"]
[Date "2021.11.29"]
[Round "8.3"]
[White "Ulaneo, Nicolas"]
[Black "Larrea, Manuel"]
[Result "0-1"]
[WhiteElo "2164"]
[BlackElo "2222"]
[Annotator "TA"]
[PlyCount "56"]
[EventDate "2021.11.22"]
[EventType "tourn"]
[EventCountry "URU"]
[SourceTitle "playchess.com"]
[Source "ChessBase"]
[SourceQuality "1"]

{[%evp 9,56,-3,4,0,0,0,0,0,0,0,11,0,0,14,27,3,32,-92,-91,-191,-187,-206,-191,-237,-225,-302,-285,-293,-290,-435,-431,-443,-445,-440,-445,-506,-491,-679,-670,-784,-520,-1329,-1285,-1026,-625,-989,-611,-881,-478]} 1. e4 c5 2. Nc3 Nc6 3. Bb5 Nd4 4. Bc4 e6 5. Nge2 a6 6. Nxd4 {B23: Closed Sicilian: Lines without g3.} cxd4 7. Ne2 Bc5 {7...Nf6 gains popularity.} 8. d3 {The position is equal.} Ne7 (8... b5 $5 9. Bb3 $8 Bb7 $11) 9. O-O O-O 10. Ng3 d5 11. Bb3 {[#]} f5 $146 ({Predecessor:} 11... Bd6 12. f4 dxe4 13. dxe4 Qc7 14. Kh1 Ng6 15. e5 Bc5 16. Qh5 b5 17. Ne4 Be7 {0-1 (25) Abergel,T (2444)-Garrido Outon,A (2359) Los Cancajos 2020}) 12. Bg5 f4 13. Nh5 {[#]} (13. Ne2 $14 {stays ahead.}) 13... e5 $1 $17 {White is on the road to losing.} 14. Bxd5+ (14. exd5 $17 Bd6 15. g3) 14... Kh8 $19 15. c3 h6 16. Bb3 hxg5 17. cxd4 Bxd4 18. Nxf4 {[%cal Rd1h5]} Qd6 19. Nd5 (19. Qh5+ {is a better defense.} Qh6 20. Qxh6+ gxh6 21. Ne2) 19... Nxd5 {Black is clearly winning.} 20. Bxd5 g4 21. Rc1 Be6 22. Bxe6 Qxe6 23. Rc7 {[#]} Bxf2+ $1 {[%mdl 512]} 24. Kh1 (24. Rxf2 Rxf2) 24... b5 25. Qd2 {[#]} (25. h3 $142 Bg3 26. Rc1) 25... Be3 $1 {[%cal Rf8f1][%mdl 576] Discovered Attack} 26. Qe2 (26. Qe1 Rxf1+) 26... Rxf1+ 27. Qxf1 Rc8 28. Rc3 Bd2 {Weighted Error Value: White=0.85/Black=0.27} 0-1

[Event "Uruguayan-ch Final 2021"]
[Site "Montevideo"]
[Date "2021.11.29"]
[Round "8.5"]
[White "Granara Barreto, Sebastian"]
[Black "Diaz Hollemaert, Nahuel"]
[Result "0-1"]
[WhiteElo "2156"]
[BlackElo "2441"]
[Annotator "TA"]
[PlyCount "74"]
[EventDate "2021.11.22"]
[EventType "tourn"]
[EventCountry "URU"]
[SourceTitle "playchess.com"]
[Source "ChessBase"]
[SourceQuality "1"]

{[%evp 9,74,44,53,49,129,103,96,97,120,121,115,83,160,39,38,40,30,28,51,-75,-71,-75,-64,-70,-16,-39,-29,-32,-12,-40,-49,-57,-41,-41,-41,-47,-47,-36,-48,-28,-28,-35,-35,-80,-72,-144,-146,-165,-165,-155,-160,-156,-130,-128,-129,-218,-215,-575,-577,-585,-583,-535,-408,-407,-407,-465,-465]} 1. e4 g6 2. d4 Bg7 3. Nc3 c6 4. h4 d5 5. e5 c5 6. h5 {[#] B06: Modern Defence.} gxh5 $146 ({Black should play} 6... Nc6 $14) ({Predecessor:} 6... cxd4 7. Qxd4 Nc6 8. Bb5 e6 9. Nf3 Nge7 10. h6 Bf8 11. Bg5 Qa5 12. Qf4 Ng8 {1-0 (25) Potapov,P (2285)-Ganaus,H (2340) Olomouc 2005}) 7. Rxh5 Nc6 8. Bb5 {White is better.} Bd7 9. Bxc6 bxc6 10. dxc5 Qb8 (10... Kf8 $142) 11. Nf3 ({Better is} 11. Qd4 $16) 11... Bg4 $1 $14 {[%cal Rg4h5]} 12. Rg5 Bxf3 13. Qxf3 {Strongly threatening Bf4.} Bxe5 14. Nxd5 (14. Rf5 $1 $14) 14... cxd5 $17 15. Qxd5 Bf6 16. Bf4 Qd8 (16... Qc8 $15 17. Rg3 h6) 17. Qc6+ $1 $11 Kf8 18. Rd5 Qc8 (18... Qe8 {feels hotter.} 19. Qb7 Qc8 20. Qxc8+ Rxc8 21. O-O-O Kg7) 19. Qxc8+ Rxc8 20. O-O-O Kg7 21. b4 e6 22. Rd7 a5 23. a3 axb4 24. axb4 Ne7 25. R1d3 h5 26. Rg3+ Ng6 27. Bd6 (27. Kd2 $142) 27... h4 $1 $17 {[%cal Rh4g3]} 28. Ra3 Ne5 29. Bxe5 Bxe5 30. Raa7 Rcf8 31. c6 {[#]} Rh5 $1 {[%cal Rh5g5] ...Rg5 is the strong threat.} 32. c7 {[#]} (32. Ra5 $17) 32... Rc8 $1 $19 {White must now prevent ...Rg5.} 33. c4 $2 (33. Kd1 Rg5 34. Ra5) 33... Rg5 34. Ra5 Bf4+ 35. Kd1 {aiming for Rxg5+.} Rxa5 36. bxa5 Bxc7 37. a6 Bb6 {Weighted Error Value: White=0.38/Black=0.17} 0-1

[Event "Uruguayan-ch Final 2021"]
[Site "Montevideo"]
[Date "2021.11.29"]
[Round "8.6"]
[White "Carbone, Diego"]
[Black "Coppola, Claudio"]
[Result "0-1"]
[WhiteElo "2236"]
[BlackElo "2248"]
[Annotator "TA"]
[PlyCount "106"]
[EventDate "2021.11.22"]
[EventType "tourn"]
[EventCountry "URU"]
[SourceTitle "playchess.com"]
[Source "ChessBase"]
[SourceQuality "1"]

{[%evp 21,106,64,59,59,75,58,72,48,75,57,34,27,29,12,31,30,39,40,39,34,42,19,21,24,15,16,26,-33,-40,-109,-102,-227,-214,-213,-227,-203,-60,-64,-95,-87,-77,-148,-140,-237,-210,-273,-253,-271,-260,-245,-260,-256,-231,-489,-440,-454,-470,-501,-501,-485,-377,-509,-411,-398,-380,-299,-226,-1450,-1437,-1403,-1219,-1309,-1253,-2889,-2872,-12789,-6087,-29983,-29984,-29986,-29988,-29987,-29988,-29988,-29989,-29993,-29994]} 1. d4 Nf6 2. c4 c5 3. d5 b5 4. cxb5 a6 5. bxa6 g6 6. Nc3 Bxa6 7. e4 Bxf1 8. Kxf1 d6 9. g3 Bg7 10. Nf3 O-O 11. Kg2 Qb6 12. a4 {A59: Benko/Volga Gambit: White castles by hand.} Na6 13. Qe2 Nc7 {[#]} 14. Rd1 $146 {White is better.} ({Predecessor:} 14. Bf4 Rfb8 15. Rhb1 Nd7 16. e5 Qa6 17. exd6 Qxe2 18. Nxe2 Nxd5 19. dxe7 Nxf4+ 20. Nxf4 Bxb2 21. e8=Q+ Rxe8 22. Rxb2 {1-0 (22) Fedoseev,V (2991)-Terzi,A (2612) Chess.com INT 2019}) 14... Nd7 15. Ra3 Rfb8 16. Nd2 Qa6 17. Nb5 Nxb5 18. axb5 Qb7 19. Nb1 Rxa3 20. Nxa3 Qa7 21. Bg5 Kf8 22. Qc2 Nb6 23. Ra1 Qa4 24. b3 Qd4 $15 25. Ra2 (25. Rd1 $15 Qb4 26. Bc1) 25... Nxd5 $1 $17 {And now ...Nb4 would win.} 26. Be3 (26. Bd2 $17 Nc3 27. Bxc3 Qxc3 28. Qxc3 Bxc3 29. Kf1) 26... Nxe3+ $19 27. fxe3 Qxe3 28. Nc4 Qc3 (28... Qe1 $19 {Strongly threatening ...Bd4.} 29. Qd3 Bd4) 29. Qxc3 Bxc3 $15 {[%mdl 4096] Endgame KRB-KRN. White is now going downhill.} 30. b6 f5 31. exf5 (31. Kf3 $142) 31... gxf5 $17 32. Ra6 (32. Rf2 $17 {was called for.}) 32... d5 $19 33. Na3 Ke8 34. Nb5 {[#]} Be5 35. Nc7+ Bxc7 36. bxc7 {KR-KR} Rc8 37. Rc6 $2 (37. Kf3 {was forced.}) 37... Kd7 {[%mdl 64] Double Attack} 38. Rxc5 Kd6 39. Rb5 Rxc7 40. Kf3 Rc2 41. h4 Ke5 42. Rb7 Rc3+ 43. Kf2 e6 44. Rb6 $2 (44. Rxh7 Rxb3 45. h5) 44... h5 45. b4 Rb3 46. b5 d4 47. Rb8 Ke4 48. b6 Rb2+ 49. Kg1 d3 {Black mates.} 50. b7 d2 {[%cal Rd2d1]} 51. Rd8 {[#]} Ke3 $1 52. Rd6 Rxb7 53. Rxe6+ Kf3 {Weighted Error Value: White=0.91/Black=0.14} 0-1